00327nam a2200121Ia 4500008004100000020001500041041001200056100001800068245006400086260003900150300000800189650000800197221030s9999 xx 000 0 und d a8131721995 aEnglish aK. L. Kishore 0aElectronic Measurements & Instrumentationcby K. L. Kishore bPearson EducationaNew Delhic2012 a415 aECE